000 00498cam a2200193ua 4500
041 _aeng
_h
082 _a823.308
_bBUN/PIL
100 _aBanyan, John .
245 _aPilgrims progress /
_cJohn Banyan.
_hTextual Documents
260 _aLondon :
_bJ M Dent and Sons Ltd ,
_c1961.
300 _a335 ; .
440 0 _aEveryman`s Library,
_v204
_x;
490 0 _aEveryman`s Library,
_v204
_x;
504 _a
942 _cBK
999 _c988
_d988